000 00278nam a2200097 a 4500
005 20200930062358.0
008 110524s1934 000 spa d
245 0 _aDiscurso pronunciado por el seƱos J. Arismendi Trujillo M...
260 _aSanto Domingo,
_c1934.
999 _c30050
_d30050
040 _aDO-SdBNP